000
00316nam a22001217a 4500
008
230629b xxu||||| |||| 00| 0 eng d
020
_a
0195034155
082
_a
338.9
_b
MEI 1984
245
_a
Leading Issues in Economic Development
260
_b
Oxford University Press
_c
1984
300
_a
VIII,768p
942
_2
ddc
_c
BK
999
_c
3018
_d
3018